Ensayos sobre el ciclo económico (Registro nro. 6566)

Detalles MARC
000 -LEADER
fixed length control field 00966 a2200217 4500
001 - CONTROL NUMBER
control field 59013
005 - DATE AND TIME OF LATEST TRANSACTION
control field 20260407155844.0
008 - FIXED-LENGTH DATA ELEMENTS--GENERAL INFORMATION
fixed length control field 260407a1956 arg spa d
003 - CONTROL NUMBER IDENTIFIER
control field AR-UNSa-BCEJYS
040 ## - CATALOGING SOURCE
Original cataloging agency AR-UNSa-BCEJYS
Language of cataloging spa
Transcribing agency AR-UNSa-BCEJYS
080 ## - UNIVERSAL DECIMAL CLASSIFICATION NUMBER
Universal Decimal Classification number 338.1
Common auxiliary subdivision Situación económica. Ciclos. Desarrollo de la estructura económica
100 1# - MAIN ENTRY--PERSONAL NAME
Personal name Haberler, Gottfried
245 10 - TITLE STATEMENT
Title Ensayos sobre el ciclo económico
250 ## - EDITION STATEMENT
Edition statement 2a. ed.
264 #1 - PRODUCTION, PUBLICATION, DISTRIBUTION, MANUFACTURE, AND COPYRIGHT NOTICE
Place of production, publication, distribution, manufacture México :
Name of producer, publisher, distributor, manufacturer Fondo de Cultura Económica
Date of production, publication, distribution, manufacture, or copyright notice 1956
300 ## - PHYSICAL DESCRIPTION
Extent 521 p.
Dimensions 24 cm.
505 ## - FORMATTED CONTENTS NOTE
Formatted contents note 1. Panorama del ciclo económico y métodos del análisis - 2. Ahorro, inversión e ingreso nacional - 3. Multiplicador, principio de aceleración y gastos públicos - 4. Teoría monetaria del ciclo económico - 5. Teoría del subconsumo y tesis del estacionamiento secular - 6. Ciclos especiales - 7. Recapitulación.
590 ## - LOCAL NOTE (RLIN)
Local note niveau_biblio:m niveau_hierar:0
700 1# - ADDED ENTRY--PERSONAL NAME
Personal name Urquidi, Víctor L.
942 ## - ADDED ENTRY ELEMENTS (KOHA)
Koha item type
Existencias
Withdrawn status Lost status Damaged status Not for loan Home library Current library Shelving location Date acquired Total checkouts Full call number Barcode Date last seen Price effective from Koha item type
        Biblioteca Prof. Eusebio Cleto del Rey Biblioteca Prof. Eusebio Cleto del Rey   07/04/2026   338.1 H114 2ed. L20275 07/04/2026 07/04/2026 Libro
        Biblioteca Prof. Eusebio Cleto del Rey Biblioteca Prof. Eusebio Cleto del Rey   07/04/2026   338.1 H114 2ed. L20269 07/04/2026 07/04/2026 Libro